Mastering risk modelling:a practical guide to modelling uncertainity with microsoft excel. (Record no. 2663)

MARC details
000 -LEADER
fixed length control field 00422nam a2200133Ia 4500
008 - FIXED-LENGTH DATA ELEMENTS--GENERAL INFORMATION
fixed length control field 221216s9999||||xx |||||||||||||| ||und||
020 ## - INTERNATIONAL STANDARD BOOK NUMBER
International Standard Book Number 978 -027371929-8
040 ## - CATALOGING SOURCE
Transcribing agency Chuka University Library
050 ## - LIBRARY OF CONGRESS CALL NUMBER
Classification number HD 61
Item number .D39 2009
100 ## - MAIN ENTRY--PERSONAL NAME
Personal name Day Alastair L.
9 (RLIN) 1887
245 #0 - TITLE STATEMENT
Title Mastering risk modelling:a practical guide to modelling uncertainity with microsoft excel.
260 ## - PUBLICATION, DISTRIBUTION, ETC.
Place of publication, distribution, etc. Prentice hall
Name of publisher, distributor, etc. England
Date of publication, distribution, etc. 2009
942 ## - ADDED ENTRY ELEMENTS (KOHA)
Koha item type Long Loan Books
Holdings
Withdrawn status Lost status Damaged status Not for loan Collection Home library Current library Shelving location Date acquired Total Checkouts Full call number Barcode Date last seen Price effective from Koha item type
        General Collection Books Main Campus Library Main Campus Library General Stacks 16/12/2022   HD 61.D39 2009 9340/2012 16/12/2022 16/12/2022 Long Loan Books

Powered by Koha